Návrh softvérového systému na analýzu stromu porúch

Salvato in:
Dettagli Bibliografici
Autore principale: Doller, Michal (Autore)
Altri autori: Labovský, Juraj (Relatore della tesi)
Natura: Manoscritto Libro
Lingua:slovacco
Pubblicazione: 2025
Soggetti:
Accesso online:http://is.stuba.sk/zp/portal_zp.pl?podrobnosti=192046
Tags: Aggiungi Tag
Nessun Tag, puoi essere il primo ad aggiungerne!!

MARC

LEADER 00000ntm a22000003a 4500
001 stuzp105108
003 SK-STU
005 20250607211131.1
007 ta
008 150427s2015----xo-----f-mn---000-0-slo-d
040 |a STU  |b slo 
041 0 |a slo 
100 1 |a Doller, Michal  |u 046230  |4 aut  |U FCHPT Ústav chemického a environmentálneho inžinierstva  |T FCHPT Oddelenie chemického a biochemického inžinierstva  |X 97287  |U C6230  |Y 119  |7 97287 
242 0 1 |a Design of a software system for fault tree analysis  |y eng 
245 1 0 |a Návrh softvérového systému na analýzu stromu porúch 
260 |c 2025 
650 4 |a .NET  |2 eng 
650 4 |a C#  |2 eng 
650 4 |a uncertainty analysis  |2 eng 
650 4 |a safety engineering  |2 eng 
650 4 |a fault tree analysis  |2 eng 
650 4 |a Minimal Cut Set  |2 eng 
650 4 |a importance measure  |2 eng 
650 4 |a .NET  |2 slo 
650 4 |a bezpečnostné inžinierstvo  |2 slo 
650 4 |a C#  |2 slo 
650 4 |a analýza neurčitosti  |2 slo 
650 4 |a indexy spoľahlivosti  |2 slo 
650 4 |a Minimal Cut Set  |2 slo 
650 4 |a analýza stromu porúch  |2 slo 
700 1 |a Labovský, Juraj  |u 046230  |k Z1  |4 ths  |U FCHPT Ústav chemického a environmentálneho inžinierstva  |T FCHPT Oddelenie chemického a biochemického inžinierstva  |X 10292  |U C6230  |Y 119  |7 A000010292 
856 4 |u http://is.stuba.sk/zp/portal_zp.pl?podrobnosti=192046